000 00752nam a2200229 a 4500
001 0000275
003 DO-SdBNP
005 20180313094438.0
007 0000275
008 150826s2013 dr a 000 0 spa d
040 _aBPMSU
_bspa
_cBPMSU
082 _a372.634
_bM779c, 8vo. 2013
100 1 _aMonte de Oca y Boyer, Aleyda
245 1 0 _aCaligrafía dominicana 8 /
_b[educación básica]
_cAleyda Monte de Oca y Boyer,Ysabel Ernestina Pacheco Tavárez.
260 _aSanto Domingo :
_bInstituto Técnico Saleciano (ITESA),
_c2013.
300 _a68 p. :
_bil. ;
_c30 cm.
700 1 _aPacheco Tavárez, Ysabel Ernestina
910 _a00144
942 _2ddc
_cBK
945 _aRemanejado para la Bib. BNPHU, 2018/ YL
956 _aYngrid Lockward
_b10
999 _c9747
_d9747